|
|
|
|
| LEADER |
01004nab a2200253 i 4500 |
| 001 |
misc27960 |
| 005 |
20191111110248.0 |
| 008 |
170923s1989 hu o 0|| zxx d |
| 040 |
|
|
|a SZTE Miscellanea Repozitórium
|b hun
|
| 041 |
|
|
|a zxx
|
| 100 |
1 |
|
|a Fodor Lajos
|
| 245 |
1 |
0 |
|a Synthesis of 6H,8H-isoquino[2,3-c][1,3]benzothiazin-8-ones
|h [elektronikus dokumentum] /
|c Fodor Lajos
|
| 260 |
|
|
|c 1989
|
| 300 |
|
|
|a 333-337
|
| 490 |
0 |
|
|a Kolligátum
|
| 695 |
|
|
|a Heterociklusos vegyületek - szintézis, Szerves kémia - reakciómechanizmus, Sztereokémia, Mágneses magrezonancia - színképelemzés, Tömegspektrometria, Infravörös spektroszkópia, Olvadáspont meghatározása
|
| 700 |
0 |
1 |
|a Szabó János
|e aut
|
| 700 |
0 |
1 |
|a Bernáth Gábor
|e aut
|
| 700 |
0 |
1 |
|a Sohár Pál
|e aut
|
| 700 |
0 |
1 |
|a MacLean David B.
|e aut
|
| 700 |
0 |
1 |
|a Smith Richard W.
|e aut
|
| 700 |
0 |
1 |
|a Ninomiya Ichiya
|e aut
|
| 700 |
0 |
1 |
|a Naito Takeaki
|e aut
|
| 856 |
4 |
0 |
|u http://misc.bibl.u-szeged.hu/27960/1/018_019_271-275.pdf
|z Dokumentum-elérés
|